Football par lettre - N - Statistiques

Statistiques générales
  • Ce quiz a été pris 204 fois
  • Le résultat moyen est 11 sur 20
Statistiques - réponses
Hint Réponse % Correct
Gardien costaricien du PSG et du Real Keylor Navas
94%
Patrie de Victor Osimhen et d'Ademola Lookman Nigeria
94%
Ville où on retrouve le stade de la Beaujoire Nantes
92%
Ballon d'or tcheque Pavel Nedved
85%
Il faisait la paire avec Maldini en défense Alessandro Nesta
83%
Footballeur portugais dont le nom complet est Luís Carlos Almeida da Cunha Nani
74%
Ce club a remporté plus de fois la LDC que son propre championnat Nottingham Forrest
68%
Il est rentré à la mi-temps de la finale de la CDM 2018 Steven Nzonzi
62%
Joueur belge surnommé "le Ninja" Radja Nainggolan
61%
Il célebre ses buts avec un ballon de baudruche Christopher Nkunku
60%
Les joueurs de cette équipe sont appelés les "Toons" Newcastle United
41%
Petit pont, en anglais Nutmeg
40%
Club argentin où Messi a commencé sa carrière en jeune Newell's old boys
37%
Ville où se trouve le siège de l'UEFA Nyon
35%
Défenseur central camerounais passé par les deux Olympiques Nicolas Nkoulou
34%
En 2005, il y avait penalty sur ce joueur Nilmar
34%
Joueur reimois qui porte le meme nom qu'une chanteuse française Keito Nakamura
31%
Sa célébration face à l'Angleterre en 2012 a créé la polémique Samir Nasri
25%
Son diabete ne l'a pas empeché de remporter la LDC Nacho
9%
Club de MLS basé à Boston New England Revolution
5%
Aucun quiz correspondant
Distribution des résultats
% des personnes avec chaque résultat
Percentile par nombre de réponses
Votre historique - résultats
Vous n’avez pas pris ce quiz